|
|
|
|
| LEADER |
00000nam#a22000001a#4500 |
| 001 |
00005904 |
| 003 |
AR-BaUAD |
| 005 |
20230908141348.0 |
| 008 |
950316t19651955gw#a|||##||||||||#||ger|d |
| 040 |
|
|
|a AR-BaUAD
|b spa
|c AR-BaUAD
|
| 041 |
|
|
|a ger
|
| 044 |
|
|
|c de
|2 ISO3166-1
|
| 100 |
1 |
|
|a Geyer Raak, Rurh H.
|
| 245 |
1 |
0 |
|a Möbel und Raum
|
| 260 |
|
|
|a [Berlin] :
|b Bauwelt,
|c [1965, c1955]
|
| 300 |
|
|
|a 95 p. :
|b il., láms.
|
| 700 |
1 |
|
|a Geyer, Sybille
|
| 653 |
|
|
|a MUEBLES
|
| 653 |
|
|
|a DISEÑO INDUSTRIAL
|
| 655 |
|
|
|a TEXTO
|
| 852 |
|
|
|c 96-2
|
| 952 |
|
|
|0 0
|1 0
|4 0
|6 962
|7 0
|9 25698
|a AR-BaUAD
|b AR-BaUAD
|d 0000-00-00
|e Compra Peuser
|g 82.00
|i 5904
|l 0
|o 96-2
|p vxwpo5904
|r 2023-09-08 14:13:48
|w 2023-09-08
|y BK
|
| 990 |
|
|
|a Ej. No1 : 5904 . 31/12/1956 -- Compra Peuser -- (82 pesos).
|b ADM
|
| 990 |
|
|
|a DI196
|b TD
|
| 990 |
|
|
|a AAQ00005904
|b CC
|
| 998 |
|
|
|a AAQ
|b Bibun 76
|
| 942 |
|
|
|c BK
|
| 999 |
|
|
|c 11187
|d 11187
|